[Event "POL Ch 52"]
[Site "Warszawa"]
[Date "1995.??.??"]
[Round "15"]
[White "Gdanski, Jacek"]
[Black "Socko, Bartosz"]
[Result "1-0"]
[WhiteElo "2490"]
[BlackElo "2385"]
[PlyCount "75"]
[EventDate "1995.??.??"]
[Source "Vistula"]
[SourceDate "1999.08.16"]

1. e4 e5 2. Nf3 Nc6 3. Bb5 a6 4. Bxc6 dxc6 5. O-O Qd6 6. Na3 Be6 7. Ng5 Bd7 8.
d3 Qg6 9. f4 exf4 10. Bxf4 O-O-O 11. Nc4 f6 12. Nf3 Be6 13. b3 Qe8 14. Qe1 g5
15. Be3 c5 16. Qc3 h6 17. a3 Rh7 18. Nfd2 Rf7 19. b4 f5 (19... cxb4 20. axb4 {
/\ Rfb1,b5}) 20. bxc5 fxe4 21. Rxf7 Qxf7 22. Rb1 $1 exd3 23. c6 bxc6 24. cxd3
Rd5 25. Nb6+ cxb6 26. Qxc6+ Kd8 27. Bxb6+ Ke7 28. Bc5+ Kf6 (28... Rxc5 29.
Qxc5+ Kf6 30. Rf1+ Kg6 31. Qxf8 $18) 29. Bxf8 Qd7 (29... Qxf8 30. Rf1+ Rf5 31.
Rxf5+ Kxf5 32. Qf3+ $18) 30. Ne4+ Kg6 31. Qxd7 Bxd7 32. Rb6+ Kf5 33. Ng3+ Ke5
34. d4+ $1 Kxd4 (34... Rxd4 35. Bg7+ $18) 35. Rg6 Ke3 36. h3 g4 37. hxg4 Rg5
38. Bxh6 1-0

[Event "POL Ch 52"]
[Site "Warszawa"]
[Date "1995.??.??"]
[Round "15"]
[White "Grabarczyk, Bogdan"]
[Black "Matlak, Marek"]
[Result "1/2-1/2"]
[WhiteElo "2375"]
[BlackElo "2465"]
[PlyCount "58"]
[EventDate "1995.??.??"]
[Source "Vistula"]
[SourceDate "1999.08.16"]

1. e4 e6 2. d4 d5 3. Nc3 Bb4 4. e5 c5 5. a3 Bxc3+ 6. bxc3 Qc7 7. Qg4 Ne7 8.
Qxg7 Rg8 9. Qxh7 cxd4 10. Kd1 dxc3 11. Nf3 Nbc6 12. Ng5 Qxe5 13. Qxf7+ Kd7 14.
Bf4 Qf5 15. Bd3 (15. Qxf5 Nxf5 16. Bd3 Nd6) 15... Rxg5 $8 (15... Qxf7 {_|_ +-})
16. Bxf5 Rxf5 17. Qg7 Rxf4 18. f3 Kd6 19. h4 Bd7 20. h5 $2 (20. Qxc3 $16) 20...
Rd4+ 21. Kc1 Rg8 22. Qf6 Rxg2 23. h6 Be8 $1 24. h7 Bg6 25. h8=Q Rxc2+ 26. Kb1
Rb2+ 27. Kc1 Rc2+ 28. Kb1 Rb2+ 29. Kc1 Rc2+ {[Grabarczyk,B]} 1/2-1/2

[Event "POL Ch 52"]
[Site "Warszawa"]
[Date "1995.??.??"]
[Round "15"]
[White "Kempinski, Robert"]
[Black "Jaracz, Pawel"]
[Result "1/2-1/2"]
[WhiteElo "2435"]
[BlackElo "2410"]
[PlyCount "86"]
[EventDate "1995.??.??"]
[Source "Vistula"]
[SourceDate "1999.08.16"]

1. Nf3 d5 2. d4 c6 3. c4 Nf6 4. e3 Bf5 5. Nc3 e6 6. Bd3 Bg6 7. O-O Nbd7 8. Qe2
Bd6 9. e4 dxe4 10. Nxe4 Nxe4 11. Bxe4 Nf6 12. Bxg6 hxg6 13. g3 Qa5 14. c5 Be7
15. Ne5 Qd8 16. Be3 Qd5 17. b4 Bd8 18. f3 Bc7 19. Bf2 Ke7 20. Qc4 Bxe5 21. Qxd5
Nxd5 22. dxe5 a5 23. bxa5 Rxa5 24. Rfb1 Rb8 25. a4 Kd7 26. Rc1 Rba8 27. Rc4 Rb5
28. Rh4 Rb3 29. Kg2 Ke7 30. Rh7 Ne3+ 31. Kg1 Ra5 32. g4 Nd5 33. Bh4+ Kd7 34.
Rf1 Rxa4 35. Rxg7 Rf4 36. Bg5 Rfxf3 37. Rxf7+ Rxf7 38. Rxf7+ Ke8 39. Rg7 Rc3
40. Rxg6 Kf7 41. Rh6 Rxc5 42. h4 Rc4 43. Rh7+ Kg6 1/2-1/2

[Event "POL Ch 52"]
[Site "Warszawa"]
[Date "1995.??.??"]
[Round "15"]
[White "Kuczynski, Robert"]
[Black "Urban, Klaudiusz"]
[Result "1/2-1/2"]
[WhiteElo "2510"]
[BlackElo "2410"]
[PlyCount "34"]
[EventDate "1995.??.??"]
[Source "Vistula"]
[SourceDate "1999.08.16"]

1. e4 g6 2. d4 Bg7 3. Nf3 d6 4. Be2 Nf6 5. Nc3 O-O 6. O-O a6 7. Re1 e6 8. h3 b5
9. e5 dxe5 10. Nxe5 Bb7 11. Bf3 Qc8 12. Bg5 Nfd7 13. Ne4 h6 14. Bf4 Nxe5 15.
Bxe5 Nd7 16. Bxg7 Kxg7 17. c3 Rb8 1/2-1/2

[Event "POL Ch 52"]
[Site "Warszawa"]
[Date "1995.??.??"]
[Round "15"]
[White "Oliwa, Marek"]
[Black "Kaminski, Marcin"]
[Result "1/2-1/2"]
[WhiteElo "2405"]
[BlackElo "2455"]
[PlyCount "85"]
[EventDate "1995.??.??"]
[Source "Vistula"]
[SourceDate "1999.08.16"]

1. Nf3 Nf6 2. g3 g6 3. Bg2 Bg7 4. O-O O-O 5. d3 d5 6. Nc3 d4 7. Nb5 c5 8. c4
Nc6 9. Na3 e5 10. Bg5 h6 11. Bxf6 Qxf6 12. Nc2 Be6 13. Rb1 Qe7 14. Nd2 a5 15.
b3 Rfe8 16. a3 Bf8 17. e3 Qd7 18. exd4 exd4 19. f4 Rab8 20. Ne4 Kg7 21. Nf2 b5
22. Qf3 Ne7 23. g4 f5 24. h3 a4 25. Na1 Rec8 26. Qe2 Kf7 27. Rfc1 Re8 28. bxa4
bxc4 29. Rxb8 Rxb8 30. dxc4 Bg7 31. Nd3 Qd6 32. a5 Bc8 33. gxf5 Bxf5 34. Ne5+
Kg8 35. Qd1 d3 36. Nb3 Kh7 37. Kh1 g5 38. Nf7 Qf6 39. a6 Nc6 40. fxg5 Qxf7 41.
Bxc6 Qg6 42. Na5 Rb6 43. a7 1/2-1/2

[Event "POL Ch 52"]
[Site "Warszawa"]
[Date "1995.??.??"]
[Round "15"]
[White "Schmidt, Wlodzimierz"]
[Black "Markowski, Tomasz"]
[Result "1/2-1/2"]
[WhiteElo "2475"]
[BlackElo "2470"]
[PlyCount "55"]
[EventDate "1995.??.??"]
[Source "Vistula"]
[SourceDate "1999.08.16"]

1. c4 e5 2. Nc3 Nc6 3. Nf3 g6 4. d4 exd4 5. Nxd4 Bg7 6. Nxc6 bxc6 7. g3 Ne7 8.
Bg2 O-O 9. O-O d6 10. Qc2 Be6 11. b3 Qd7 12. Bb2 Bh3 13. Ne4 Bxg2 14. Kxg2 Qe6
15. Bxg7 Kxg7 16. Qc3+ f6 17. Ng5 Qf5 18. f4 Qd7 19. e4 c5 20. Rae1 Rae8 21.
Nf3 Kg8 22. e5 fxe5 23. fxe5 Nf5 24. Qd3 Qc6 25. Kg1 dxe5 26. Nxe5 Qd6 27. Qxd6
cxd6 28. Nd3 1/2-1/2

[Event "POL Ch 52"]
[Site "Warszawa"]
[Date "1995.??.??"]
[Round "15"]
[White "Weglarz, Leszek"]
[Black "Macieja, Bartlomiej"]
[Result "1/2-1/2"]
[WhiteElo "2365"]
[BlackElo "2440"]
[PlyCount "150"]
[EventDate "1995.??.??"]
[Source "Vistula"]
[SourceDate "1999.08.16"]

1. Nf3 Nf6 2. c4 g6 3. Nc3 d5 4. d4 Bg7 5. cxd5 Nxd5 6. e4 Nxc3 7. bxc3 O-O 8.
Be2 c5 9. O-O cxd4 10. cxd4 Nc6 11. Be3 b6 12. Rc1 Na5 13. Qd2 f5 14. exf5 Bxf5
15. Bh6 Rc8 16. Bxg7 Kxg7 17. Qe3 Qd6 18. Ba6 Rxc1 19. Rxc1 Be6 20. a4 Bd5 21.
Ne5 Nc6 22. h3 Nd8 23. Bc4 Ne6 24. Re1 Nf4 25. Bf1 Qe6 26. Ng4 Qxe3 27. Rxe3
Ne6 28. Re5 Rf5 29. Re1 Rf4 30. Ne3 Bb3 31. Nc4 Nxd4 32. Rxe7+ Rf7 33. Re4 Nc6
34. Ne3 Re7 35. Rh4 Bf7 36. Bb5 Na5 37. Rd4 Rc7 38. Rd8 Rc1+ 39. Kh2 Rc7 40. g4
Re7 41. h4 h6 42. Kg3 Nb7 43. Ra8 Nd6 44. Bd3 Be6 45. h5 gxh5 46. gxh5 Rd7 47.
Kf4 Bb3 48. Bg6 Bxa4 49. Ke5 Nf7+ 50. Bxf7 Rxf7 51. Nf5+ Kh7 52. Nd6 Rc7 53. f4
Bb3 54. f5 a5 55. f6 a4 56. f7 Bxf7 57. Nxf7 Rxf7 58. Rxa4 Rb7 59. Rb4 b5 60.
Kd6 Rb8 61. Kc7 Rg8 62. Rxb5 Rg5 63. Kc6 Kg7 64. Rd5 Rxd5 65. Kxd5 Kf6 66. Ke4
Kg5 67. Kf3 Kxh5 68. Kg3 Kg5 69. Kh3 h5 70. Kg3 h4+ 71. Kh2 Kg4 72. Kg1 Kg3 73.
Kh1 h3 74. Kg1 h2+ 75. Kh1 Kh3 1/2-1/2

[Event "POL Ch 52"]
[Site "Warszawa"]
[Date "1995.??.??"]
[Round "15"]
[White "Wojtkiewicz, Aleksander"]
[Black "Grabarczyk, Miroslaw"]
[Result "1/2-1/2"]
[WhiteElo "2530"]
[BlackElo "2440"]
[PlyCount "67"]
[EventDate "1995.??.??"]
[Source "Vistula"]
[SourceDate "1999.08.16"]

1. Nf3 Nf6 2. c4 e6 3. g3 b6 4. Bg2 Bb7 5. O-O Be7 6. Nc3 O-O 7. Re1 d5 8. cxd5
Nxd5 9. e4 Nxc3 10. bxc3 c5 11. d4 cxd4 12. cxd4 Nd7 13. Bb2 Rc8 14. d5 exd5
15. exd5 Bf6 16. Nd4 Ne5 17. Nf5 Ng6 18. Qd2 Bxb2 19. Qxb2 Qf6 20. Qxf6 gxf6
21. d6 Bxg2 22. Kxg2 Rfd8 23. Rad1 $2 (23. Rac1 $1) 23... Rc5 $1 24. g4 Nf4+
25. Kg3 Ne6 26. Rc1 Kf8 27. Rxc5 Nxc5 28. Re3 Nb7 29. Rd3 Nc5 30. Re3 Nb7 31.
Rd3 Nc5 32. Rd4 Ke8 33. Kg2 Kd7 34. Rf4 1/2-1/2

[Event "POL Ch 52"]
[Site "Warszawa"]
[Date "1995.??.??"]
[Round "16"]
[White "Czerwonski, Aleksander"]
[Black "Grabarczyk, Bogdan"]
[Result "1-0"]
[WhiteElo "2370"]
[BlackElo "2375"]
[PlyCount "73"]
[EventDate "1995.??.??"]
[Source "Vistula"]
[SourceDate "1999.08.16"]

1. d4 f5 2. g3 Nf6 3. Bg2 g6 4. c3 Bg7 5. Nd2 Na6 6. Ngf3 c5 7. O-O O-O 8. Nc4
cxd4 9. cxd4 d6 10. a3 Be6 11. b3 Qd7 12. Bb2 Rac8 13. d5 Bf7 14. Ng5 Nc5 15.
a4 Be8 16. Ne6 Nxe6 17. dxe6 Qxe6 18. Bxb7 Bc6 19. Bxc8 Rxc8 20. Rc1 f4 21. Na5
Ba8 22. Qd3 Rf8 23. Nc6 fxg3 24. hxg3 Qh3 25. Bxf6 Bxf6 26. b4 Kg7 27. b5 a6
28. Rc4 Bb7 29. Qe4 h5 30. bxa6 Bxa6 31. Rb1 h4 32. Rb3 Rc8 33. a5 Rc7 34. Qd5
Ra7 35. Rb8 hxg3 36. Qg8+ Kh6 37. Qh8+ 1-0

[Event "POL Ch 52"]
[Site "Warszawa"]
[Date "1995.??.??"]
[Round "16"]
[White "Kaminski, Marcin"]
[Black "Weglarz, Leszek"]
[Result "1-0"]
[WhiteElo "2455"]
[BlackElo "2365"]
[PlyCount "83"]
[EventDate "1995.??.??"]
[Source "Vistula"]
[SourceDate "1999.08.16"]

1. e4 e5 2. Nf3 Nf6 3. Nxe5 d6 4. Nf3 Nxe4 5. d4 d5 6. Bd3 Be7 7. O-O Nc6 8. c4
Nb4 9. Be2 dxc4 10. Bxc4 O-O 11. Nc3 Nf6 12. Ne5 c6 13. Bg5 b5 14. Bb3 Bb7 15.
Bxf6 Bxf6 16. Ne4 Bxe5 17. dxe5 Qe7 18. Qh5 c5 19. Nd6 c4 20. Bd1 g6 21. Qg4
Bc6 22. f4 Rad8 23. Bf3 f5 24. Qg3 Rxd6 25. exd6 Qxd6 26. Bxc6 Qxc6 27. a4 Nd3
28. axb5 Qc5+ 29. Kh1 Re8 30. h3 Qd4 31. Qf3 Re4 32. Kh2 h5 33. Ra6 Kh7 34. Qg3
Qg7 35. Rfa1 Re7 36. Qg5 Rb7 37. Rc6 Nf2 38. Qf6 Qxf6 39. Rxf6 Ne4 40. Rc6 Rxb5
41. Rxa7+ Kh6 42. Rc8 1-0

[Event "POL Ch 52"]
[Site "Warszawa"]
[Date "1995.??.??"]
[Round "16"]
[White "Markowski, Tomasz"]
[Black "Gdanski, Jacek"]
[Result "1/2-1/2"]
[WhiteElo "2470"]
[BlackElo "2490"]
[PlyCount "158"]
[EventDate "1995.??.??"]
[Source "Vistula"]
[SourceDate "1999.08.16"]

1. b3 e5 2. Bb2 d6 3. c4 Nf6 4. g3 Be7 5. Bg2 O-O 6. Nf3 Re8 7. Nc3 Bf8 8. e4
Nc6 9. d3 Bg4 10. h3 Bxf3 11. Bxf3 Nd4 12. Bg2 g6 13. O-O Bg7 14. Ne2 Nxe2+ 15.
Qxe2 c6 16. Rad1 a5 17. Qc2 Nd7 18. Kh2 Qb6 19. Bc3 Nf8 20. Qd2 Ne6 21. Qe3
Qxe3 22. fxe3 b5 23. Kg1 b4 24. Be1 Reb8 25. Rf2 Bh6 26. Re2 a4 27. Kf2 axb3
28. axb3 Ra3 29. Rb2 Kf8 30. Ke2 Ke7 31. Bd2 Bg7 32. Rdb1 Nc5 33. Bh1 h5 34.
Bg2 Rb6 35. Bh1 Bf6 36. Bg2 Rb8 37. Bh1 Bg7 38. Bg2 Kf8 39. Bh1 Bf6 40. Bg2 Kg7
41. Bh1 h4 42. g4 Bg5 43. Bg2 Kf6 44. Bh1 Ke7 45. Bg2 Ne6 46. Bh1 c5 47. Be1
Rba8 48. Bf2 Ra1 49. Rxa1 Rxa1 50. Bg2 Nd8 51. Kd2 Nc6 52. Bf3 Nd4 53. Bd1 f5
54. exf5 gxf5 55. Bxh4 Bxh4 56. exd4 Bg5+ 57. Ke1 cxd4 58. gxf5 Kf6 59. Re2
Kxf5 60. Re4 Bf4 61. h4 Kg6 62. h5+ Kg5 63. Re2 Kf5 64. Re4 Ra2 65. Kf1 Rh2 66.
Bf3 Rb2 67. Bd1 Kg5 68. Ke1 Rh2 69. Bf3 Rb2 70. Bd1 Bd2+ 71. Kf1 Rb1 72. Ke2
Be3 73. Ke1 Bf4 74. Re2 Kf5 75. Re4 Rb2 76. Kf1 Rd2 77. Be2 Kg5 78. Ke1 Rb2 79.
Bd1 Rh2 1/2-1/2

[Event "POL Ch 52"]
[Site "Warszawa"]
[Date "1995.??.??"]
[Round "16"]
[White "Matlak, Marek"]
[Black "Wojtkiewicz, Aleksander"]
[Result "1/2-1/2"]
[WhiteElo "2465"]
[BlackElo "2530"]
[PlyCount "28"]
[EventDate "1995.??.??"]
[Source "Vistula"]
[SourceDate "1999.08.16"]

1. c4 c5 2. Nc3 Nf6 3. g3 e6 4. Nf3 b6 5. Bg2 Bb7 6. O-O a6 7. b3 d6 8. d4 cxd4
9. Nxd4 Bxg2 10. Kxg2 Qd7 11. Qd3 Nc6 12. Qf3 Rc8 13. Bb2 Be7 14. Rac1 O-O
1/2-1/2

[Event "POL Ch 52"]
[Site "Warszawa"]
[Date "1995.??.??"]
[Round "16"]
[White "Socko, Bartosz"]
[Black "Kempinski, Robert"]
[Result "1/2-1/2"]
[WhiteElo "2385"]
[BlackElo "2435"]
[PlyCount "24"]
[EventDate "1995.??.??"]
[Source "Vistula"]
[SourceDate "1999.08.16"]

1. e4 c5 2. Nf3 a6 3. Nc3 d6 4. g3 g6 5. Bg2 Bg7 6. O-O Nc6 7. d3 Nf6 8. a4 O-O
9. h3 Rb8 10. Be3 e5 11. Qd2 Nd4 12. Bxd4 cxd4 1/2-1/2

[Event "POL Ch 52"]
[Site "Warszawa"]
[Date "1995.??.??"]
[Round "16"]
[White "Urban, Klaudiusz"]
[Black "Oliwa, Marek"]
[Result "0-1"]
[WhiteElo "2410"]
[BlackElo "2405"]
[PlyCount "90"]
[EventDate "1995.??.??"]
[Source "Vistula"]
[SourceDate "1999.08.16"]

1. d4 Nf6 2. Nf3 e6 3. c4 Bb4+ 4. Bd2 Qe7 5. g3 Nc6 6. Bg2 d5 7. O-O Bxd2 8.
Nbxd2 O-O 9. Qc2 Rd8 10. Rfd1 Bd7 11. a3 a5 12. Rac1 a4 13. e3 Be8 14. Ne5 Rdc8
15. Nd3 Na5 16. cxd5 exd5 17. Bh3 Bd7 18. Bxd7 Qxd7 19. Nc5 Qh3 20. Nxa4 Ra6
21. Nf1 Nc4 22. Nc3 b5 23. f3 Re6 24. Nxb5 Rb8 25. b3 Nxe3 26. Nxe3 Rxe3 27.
Nc3 Rxf3 28. Qe2 Qg4 29. Kg2 Rf5 30. Qxg4 Nxg4 31. Re1 Rf2+ 32. Kg1 Rd2 33. Re2
Rxd4 34. Nb5 Rd3 35. b4 h5 36. Nxc7 d4 37. Ra1 Ne3 38. Na6 Ra8 39. b5 Nc4 40.
a4 Rc3 41. Nc5 d3 42. Ne4 Rxa4 43. Rxa4 dxe2 44. Kf2 Re3 45. Ke1 Ne5 0-1

[Event "POL Ch 52"]
[Site "Warszawa"]
[Date "1995.??.??"]
[Round "17"]
[White "Gdanski, Jacek"]
[Black "Macieja, Bartlomiej"]
[Result "1/2-1/2"]
[WhiteElo "2490"]
[BlackElo "2440"]
[PlyCount "65"]
[EventDate "1995.??.??"]
[Source "Vistula"]
[SourceDate "1999.08.16"]

1. d4 Nf6 2. Nf3 e6 3. Bg5 c5 4. e3 Be7 5. c3 b6 6. Nbd2 Bb7 7. Bd3 d5 8. O-O
O-O 9. Ne5 h6 10. Bxf6 Bxf6 11. f4 Ba6 12. Bxa6 Nxa6 13. Qh5 Bxe5 14. fxe5 f6
15. exf6 Rxf6 16. Rxf6 Qxf6 17. Rf1 Qe7 18. Nf3 Rf8 19. Ne5 Rxf1+ 20. Kxf1 Nc7
21. Qf3 Ne8 22. Ng6 Qd6 23. Qf4 c4 24. e4 Qxf4+ 25. Nxf4 Nc7 26. e5 b5 27. Ke1
Kf7 28. Kd2 a5 29. h4 Na6 30. h5 Nb8 31. Kc2 Nd7 32. b3 Nb6 33. Kb2 1/2-1/2

[Event "POL Ch 52"]
[Site "Warszawa"]
[Date "1995.??.??"]
[Round "17"]
[White "Kempinski, Robert"]
[Black "Markowski, Tomasz"]
[Result "1/2-1/2"]
[WhiteElo "2435"]
[BlackElo "2470"]
[PlyCount "27"]
[EventDate "1995.??.??"]
[Source "Vistula"]
[SourceDate "1999.08.16"]

1. Nf3 e6 2. c4 b6 3. g3 Bb7 4. Bg2 f5 5. O-O Nf6 6. Nc3 Be7 7. d4 O-O 8. d5
Bb4 9. Bd2 Na6 10. Nd4 Nc5 11. Nc2 Bxc3 12. Bxc3 Nce4 13. Bb4 d6 14. Ne3
1/2-1/2

[Event "POL Ch 52"]
[Site "Warszawa"]
[Date "1995.??.??"]
[Round "17"]
[White "Kuczynski, Robert"]
[Black "Matlak, Marek"]
[Result "1/2-1/2"]
[WhiteElo "2510"]
[BlackElo "2465"]
[PlyCount "33"]
[EventDate "1995.??.??"]
[Source "Vistula"]
[SourceDate "1999.08.16"]

1. e4 c6 2. d4 d5 3. Nd2 dxe4 4. Nxe4 Bf5 5. Ng3 Bg6 6. h4 h6 7. Nf3 Nd7 8. h5
Bh7 9. Bd3 Bxd3 10. Qxd3 e6 11. Bf4 Qa5+ 12. Bd2 Qc7 13. O-O-O O-O-O 14. Ne4
Ngf6 15. g3 Nc5 16. Nxc5 Bxc5 17. Qe2 1/2-1/2

[Event "POL Ch 52"]
[Site "Warszawa"]
[Date "1995.??.??"]
[Round "17"]
[White "Oliwa, Marek"]
[Black "Grabarczyk, Miroslaw"]
[Result "0-1"]
[WhiteElo "2405"]
[BlackElo "2440"]
[PlyCount "70"]
[EventDate "1995.??.??"]
[Source "Vistula"]
[SourceDate "1999.08.16"]

1. d4 Nf6 2. Bg5 e6 3. Nf3 d5 4. Nbd2 Be7 5. e3 c5 6. c3 O-O 7. Bd3 b6 8. Ne5
Nfd7 9. h4 Nxe5 10. dxe5 Ba6 11. Bxa6 Nxa6 12. Nf3 f6 13. Bf4 Nb8 14. h5 Nc6
15. Rh3 fxe5 16. Nxe5 Nxe5 17. Bxe5 Bf6 18. Qg4 Qe7 19. Bxf6 Rxf6 20. Rg3 Raf8
21. f3 b5 22. O-O-O h6 23. Qh3 c4 24. Qg4 Rf5 25. Rh1 b4 26. Qd4 bxc3 27. Qxc3
Rg5 28. Rxg5 Qxg5 29. Qd2 Rc8 30. e4 Qe5 31. exd5 c3 32. bxc3 Rxc3+ 33. Kd1 Re3
34. d6 Qa1+ 35. Kc2 Qxa2+ 0-1

[Event "POL Ch 52"]
[Site "Warszawa"]
[Date "1995.??.??"]
[Round "17"]
[White "Schmidt, Wlodzimierz"]
[Black "Kaminski, Marcin"]
[Result "1/2-1/2"]
[WhiteElo "2475"]
[BlackElo "2455"]
[PlyCount "94"]
[EventDate "1995.??.??"]
[Source "Vistula"]
[SourceDate "1999.08.16"]

1. Nf3 d5 2. d4 Nc6 3. c4 Bg4 4. Qa4 Bxf3 5. gxf3 e6 6. Nc3 Bb4 7. e3 Nge7 8.
Bd2 O-O 9. O-O-O Ng6 10. a3 Bxc3 11. Bxc3 Nh4 12. cxd5 exd5 13. Ba6 bxa6 14.
Qxc6 Nxf3 15. Kb1 Re8 16. Ba5 Re6 17. Qxc7 Qxc7 18. Bxc7 Rc8 19. Rc1 g5 20. Bg3
Rec6 21. b4 h5 22. Rxc6 Rxc6 23. h4 g4 24. Rd1 Rc8 25. Kb2 f5 26. Rd3 Kf7 27.
Rc3 Rxc3 28. Kxc3 Ke6 29. a4 Kd7 30. b5 a5 31. Kd3 Kc8 32. Kc3 Kb7 33. Kd3 a6
34. bxa6+ Kxa6 35. Kc3 Kb7 36. Kd3 Kc6 37. Kc3 Kd7 38. Kd3 Ke6 39. Kc3 f4 40.
exf4 Kf5 41. Kd3 Ne1+ 42. Kd2 Ng2 43. Kd3 Ne1+ 44. Kd2 Ng2 45. Kd3 Nxf4+ 46.
Ke3 Ng2+ 47. Kd3 Nf4+ 1/2-1/2

[Event "POL Ch 52"]
[Site "Warszawa"]
[Date "1995.??.??"]
[Round "17"]
[White "Weglarz, Leszek"]
[Black "Urban, Klaudiusz"]
[Result "0-1"]
[WhiteElo "2365"]
[BlackElo "2410"]
[PlyCount "69"]
[EventDate "1995.??.??"]
[Source "Vistula"]
[SourceDate "1999.08.16"]

1. Nf3 Nf6 2. c4 g6 3. b3 Bg7 4. Bb2 O-O 5. g3 d6 6. Bg2 e5 7. O-O Re8 8. d3 c6
9. Nbd2 Bf5 10. Qc2 Qd7 11. Rfe1 c5 12. Rad1 Nc6 13. Qb1 h6 14. Ne4 Nh7 15. Nc3
Bh3 16. Nd5 Bxg2 17. Kxg2 f5 18. e4 Rf8 19. Qc2 Rf7 20. Ng1 Raf8 21. Rf1 f4 22.
f3 h5 23. Kh1 g5 24. Qg2 g4 25. fxg4 hxg4 26. gxf4 exf4 27. Bxg7 f3 28. Qg3
Rxg7 29. Rf2 Qe6 30. Ne3 Nd4 31. h3 Nf6 32. Rdf1 Nh5 33. Qh4 Qe5 34. Nxg4 Ng3+
35. Kh2 $138 0-1

[Event "POL Ch 52"]
[Site "Warszawa"]
[Date "1995.??.??"]
[Round "17"]
[White "Wojtkiewicz, Aleksander"]
[Black "Czerwonski, Aleksander"]
[Result "1-0"]
[WhiteElo "2530"]
[BlackElo "2370"]
[PlyCount "44"]
[EventDate "1995.??.??"]
[Source "Vistula"]
[SourceDate "1999.08.16"]

1. Nf3 d5 2. d4 Nf6 3. c4 e6 4. g3 dxc4 5. Qa4+ Bd7 6. Qxc4 Bc6 7. Bg2 Nbd7 8.
Nc3 Be7 9. O-O O-O 10. Qd3 Nd5 11. Nxd5 Bxd5 12. e4 Bc6 13. Rd1 b6 14. Bf4 Bb7
15. Rac1 Rc8 16. Qe2 Bd6 17. Qe3 Bxf4 18. Qxf4 Qe7 19. Rxc7 e5 20. Qc1 exd4 21.
Rxd4 Nf6 22. Rdc4 Qe6 1-0